| 000 | 00375nam a2200145 i 4500 | ||
|---|---|---|---|
| 001 | 76415 | ||
| 003 | ES-MaACL | ||
| 005 | 20230906172833.0 | ||
| 007 | t| | ||
| 008 | 041001s1970 sp ||||1| spa d | ||
| 245 | 0 | 0 | _aGuía comercial e industrial de Elche. |
| 260 |
_aMadrid : _bNavarro Pastor, _c1970. |
||
| 300 |
_a368 p. ; _c22 cm. |
||
| 852 |
_aES-MaACL _jC-48433 _bR.72687 |
||
| 999 |
_c76415 _d76415 |
||